Widok standardowy
Widok MARC
Pozycja Personal Name
Liczba rekordów, w których użyto hasła: 1
001 - Numer kontrolny
- control field: 40320
003 - Identyfikator numeru kontrolnego
- control field: NUKAT
005 - Data i czas ostatniej modyfikacji
- control field: 20260420062218.0
008 - Dane kontrolne kodowane (40 znaków)
- fixed length control field: 100629n||a|znnaabn |a aaa |c
010 ## - Numer kontrolny Biblioteki Kongresu
- numer kontrolny LC: n 2010162861
040 ## - Instytucja sporządzająca rekord
- inst. przygot. dane do rek. khw: LUBL M/mm
- język haseł przedmiotowych/tezaurus: kaba
- inst. wprow. rek. khw: LUBL M/mm
- inst. modyf. rek. khw: WA U/MM
100 1# - Hasło - nazwa osobowa
- nazwa osobowa w formie ujednoliconej: Olivier, Gustave Fulgence
- daty biograficzne: (1806-1886).
400 0# - Trop zob. - nazwa osobowa
- nazwa osobowa (nazwisko, imiona): G. Fulgence.
400 0# - Trop zob. - nazwa osobowa
- nazwa osobowa (nazwisko, imiona): Gustave Fulgence.
670 ## - Źródło informacji
- źródło informacji: Kp. Histoire des Légions polonaises en Italie, sous le commandement du général Dombrowski. T. 1 / par Léonard Chodźko. - Paris, 1829.
- gdzie znaleziono informację: Tł.
670 ## - Źródło informacji
- źródło informacji: BnF online
670 ## - Źródło informacji
- źródło informacji: La Pologne, historique, littéraire, monumentale et pittoresque / sous la direction de Leonard Chodźko. - Paris, 1835-1836.
- gdzie znaleziono informację: (Traduction de Gustave-Fulgence Olivier)